Infromation & Communication Technology: (Record no. 167575)
[ view plain ]
| 000 -LEADER | |
|---|---|
| fixed length control field | 00701nam a22001937a 4500 |
| 005 - DATE AND TIME OF LATEST TRANSACTION | |
| control field | 20190912151200.0 |
| 010 ## - LCCN (DPL NO) | |
| LC control number | ENG-126459 |
| 020 ## - INTERNATIONAL STANDARD BOOK NUMBER | |
| Terms of availability | 174.00 |
| International Standard Book Number | 978-93-83470-14-3 |
| 035 ## - SYSTEM CONTROL NUMBER | |
| System control number | EN-109991 |
| 037 ## - SOURCE OF ACQUISITION | |
| Source of stock number/acquisition | DBAD/PUB |
| 082 ## - DEWEY DECIMAL CLASSIFICATION NUMBER | |
| Classification number | 004 |
| 100 ## - MAIN ENTRY--PERSONAL NAME | |
| Personal name | Subramanyam,A |
| 245 ## - TITLE STATEMENT | |
| Title | Infromation & Communication Technology: |
| Statement of responsibility, etc | by A Subramanyam [and] S Mohan Naidu |
| Remainder of title | Computer Fundamental and Office Tools/ |
| 260 ## - PUBLICATION, DISTRIBUTION, ETC. (IMPRINT) | |
| Place of publication, distribution, etc | Hyderabad |
| Name of publisher, distributor, etc | Specturm Techno |
| Date of publication, distribution, etc | 2018 |
| 270 ## - ADDRESS | |
| City | Hyderabad |
| Address | #326/C,1st Floor,Surneni Nilayam Near B K Guda Park,S R Nagar |
| Postal code | 500038 |
| Telephone number | ++91 40 23710657,238000657 |
| Fax number | +91 40 23810657 |
| 300 ## - PHYSICAL DESCRIPTION | |
| Extent | 200p. |
| Dimensions | 24cm(pbk) |
| 700 ## - ADDED ENTRY--PERSONAL NAME | |
| Personal name | Naidu,S Mohan |
| 942 ## - ADDED ENTRY ELEMENTS (KOHA) | |
| Source of classification or shelving scheme | Dewey Decimal Classification |
| Item type | English Books |
| Classification part | 004 |
| Call number suffix | SUB |
| Withdrawn status | Lost status | Not for loan | Collection code | Home library | Current library | Date acquired | Source of acquisition | Cost, normal purchase price | Full call number | Barcode | Copy number | Cost, replacement price | Koha item type |
|---|---|---|---|---|---|---|---|---|---|---|---|---|---|
| Non-fiction | D.B.Act.Division | Mobile Library | 12/09/2019 | DBAD/PUB | 174.00 | 004 SUB | EN-109991 | 1 | 174.00 | English Books |
